Sociology of medicine /

Bibliographic Details
Main Author: Coe, Rodney M.
Format: Book
Language:English
Published: New York : McGraw-Hill, [1978]
Edition:2d ed.
Subjects:

MARC

Tag First Indicator Second Indicator Subfields
LEADER 00000pam a2200000 i 4500
001 in00000058870
005 20151008051003.0
008 771014s1978 nyua b 00110 eng
010 |a  77016200  
020 |a 0070115605 :  |c $14.95 
035 |a (OCoLC)03397134 
035 |9 AAG4800AM 
040 |a DLC  |c DLC  |d TXA  |d UtOrBLW 
049 |a TXAM  |c 1 [980972], 2 [A11705440] 
050 0 0 |a RA418  |b .C66 1978 
060 0 |a WA30 C672s 
082 0 |a 301.5 
100 1 |a Coe, Rodney M. 
245 1 0 |a Sociology of medicine /  |c Rodney M. Coe. 
250 |a 2d ed. 
264 1 |a New York :  |b McGraw-Hill,  |c [1978] 
264 4 |c ©1978 
300 |a x, 437 pages :  |b illustrations ;  |c 24 cm. 
336 |a text  |b txt  |2 rdacontent 
337 |a unmediated  |b n  |2 rdamedia 
338 |a volume  |b nc  |2 rdacarrier 
504 |a Includes bibliographical references and index. 
650 0 |a Social medicine. 
650 2 |a Economics, Medical. 
650 2 |a Social Medicine. 
999 |a MARS 
999 f f |s 10c87f73-f370-30e1-a8c7-89b8c62bbb5a  |i fac16de7-f1c4-3acf-9c20-0eaa31e6990c  |t 0 
952 f f |p ric  |a Texas A&M University  |b Rellis Campus  |c Joint Library Facility  |s JLF  |d Remote Storage  |t 0  |e RA418 .C66 1978  |h Library of Congress classification  |i unmediated -- volume  |m A14805065688 
998 f f |a RA418 .C66 1978  |t 0  |l Remote Storage